[Event "Heusenstamm Sparkassen op-A 6th"]
[Site "Heusenstamm"]
[Date "2019.11.24"]
[Round "7"]
[White "Krychevskiy, Dmytro"]
[Black "Biot, Thomas"]
[Result "1-0"]
[WhiteElo "1947"]
[BlackElo "1763"]
[PlyCount "67"]
[EventDate "2019.11.21"]
[EventType "swiss"]
[EventRounds "7"]
[EventCountry "GER"]
[SourceTitle "CBM 194 Extra"]
[Source "ChessBase"]
[SourceDate "2020.03.31"]
[SourceVersion "1"]
[SourceVersionDate "2020.03.31"]
[SourceQuality "1"]

1. e4 d5 2. exd5 Nf6 3. Nc3 Nxd5 4. d4 Nxc3 5. bxc3 c5 6. Nf3 g6 7. Be2 Bg7 8. 0-0 Nc6 9. Be3 Qa5 10. d5 Ne5 11. d6 Ng4 12. Bg5 f6 13. Bh4 e6 14. Rb1 a6 15. d7+ Bxd7 16. Rxb7 Rd8 17. Qd6 Bf8 18. Qg3 h5 19. h3 g5 20. Bxg5 Bc6 21. hxg4 hxg4 22. Bxf6 Bxb7 23. Bxh8 gxf3 24. Qg6+ Kd7 25. Qf7+ Kc8 26. Bxf3 Bxf3 27. Qxf3 Qxa2 28. Qa8+ Kc7 29. Qa7+ Kc6 30. Be5 Bd6 31. Bxd6 Rxd6 32. Re1 Qxc2 33. Qxa6+ Kd5 34. c4+ 1-0

[Event "Heusenstamm Sparkassen op-A 6th"]
[Site "Heusenstamm"]
[Date "2019.11.23"]
[Round "5"]
[White "Herrmann, Gerhard"]
[Black "Biot, Thomas"]
[Result "0-1"]
[WhiteElo "1548"]
[BlackElo "1763"]
[PlyCount "66"]
[EventDate "2019.11.21"]
[EventType "swiss"]
[EventRounds "7"]
[EventCountry "GER"]
[SourceTitle "CBM 194 Extra"]
[Source "ChessBase"]
[SourceDate "2020.03.31"]
[SourceVersion "1"]
[SourceVersionDate "2020.03.31"]
[SourceQuality "1"]

1. e4 d5 2. exd5 Nf6 3. d4 Nxd5 4. c4 Nb6 5. Nf3 g6 6. c5 Nd5 7. Be2 Bg7 8. Be3 0-0 9. 0-0 b6 10. cxb6 cxb6 11. Nc3 Nxe3 12. fxe3 Bh6 13. e4 Bb7 14. d5 Nd7 15. Nd4 Qc7 16. a4 Qe5 17. Nf3 Qc7 18. Qe1 f5 19. exf5 Rxf5 20. Rd1 Rh5 21. Bb5 Nf8 22. Bc6 Bxc6 23. dxc6 Qxc6 24. Qxe7 Re8 25. Qxa7 Ra5 26. Qxa5 bxa5 27. h3 Qb6+ 28. Kh1 Qxb2 29. Nd5 Re2 30. Rg1 Be3 31. Nxe3 Rxe3 32. Rb1 Qa3 33. Rb7 Rxf3 0-1

[Event "Heusenstamm Sparkassen op-A 6th"]
[Site "Heusenstamm"]
[Date "2019.11.22"]
[Round "3"]
[White "Hegel, Christoph"]
[Black "Biot, Thomas"]
[Result "1/2-1/2"]
[WhiteElo "1928"]
[BlackElo "1763"]
[PlyCount "65"]
[EventDate "2019.11.21"]
[EventType "swiss"]
[EventRounds "7"]
[EventCountry "GER"]
[SourceTitle "CBM 194 Extra"]
[Source "ChessBase"]
[SourceDate "2020.03.31"]
[SourceVersion "1"]
[SourceVersionDate "2020.03.31"]
[SourceQuality "1"]

1. d4 Nf6 2. Nf3 d5 3. e3 Bg4 4. c4 e6 5. Qb3 Qc8 6. Nc3 c6 7. Bd2 Nbd7 8. Rc1 dxc4 9. Bxc4 Nb6 10. Be2 Qd8 11. 0-0 Bd6 12. e4 Nfd7 13. Bg5 Be7 14. Bxe7 Qxe7 15. e5 Rb8 16. Ne4 Nc8 17. Qe3 h6 18. Bd3 Bf5 19. Nfd2 Bxe4 20. Nxe4 Ndb6 21. f4 Nd5 22. Qg3 0-0 23. a3 f5 24. exf6 Nxf6 25. Rce1 Qd7 26. Qe3 Ng4 27. Qh3 Qxd4+ 28. Kh1 Nf6 29. Qxe6+ Kh8 30. Qe5 Qxd3 31. Nxf6 Nb6 32. Nh5 Qg6 33. Ng3 1/2-1/2

[Event "Nicolosi Etna op 1st"]
[Site "Nicolosi"]
[Date "2014.12.07"]
[Round "5"]
[White "Todaro, Adriano"]
[Black "Biot, Thomas"]
[Result "0-1"]
[WhiteElo "1748"]
[BlackElo "1602"]
[PlyCount "84"]
[EventDate "2014.12.05"]
[EventType "swiss"]
[EventRounds "7"]
[EventCountry "ITA"]
[SourceTitle "CBM 163 Extra"]
[Source "ChessBase"]
[SourceDate "2014.12.23"]
[SourceVersion "1"]
[SourceVersionDate "2014.12.23"]
[SourceQuality "1"]

1. e4 c5 2. Nf3 Nc6 3. d4 cxd4 4. Nxd4 Qb6 5. Nb3 Qb4+ 6. Nc3 Nf6 7. f3 e6 8. Be3 Be7 9. a3 Qd6 10. Be2 a6 11. f4 Qxd1+ 12. Rxd1 d6 13. 0-0 b5 14. Bf3 e5 15. f5 Bb7 16. Nc1 0-0 17. g4 b4 18. Na4 bxa3 19. bxa3 Nd7 20. Ne2 Rfc8 21. Nec3 Na5 22. Rf2 Nc4 23. Bc1 Ndb6 24. Nxb6 Nxb6 25. Nd5 Bd8 26. Kg2 Bxd5 27. exd5 Nc4 28. Rd3 Rab8 29. Rb3 Bb6 30. Re2 Bc5 31. a4 Nb6 32. Re4 Bd4 33. Ba3 Rxc2+ 34. Kg3 Bf2+ 35. Kh3 g6 36. f6 h6 37. Bxd6 Rbc8 38. Rxb6 Bxb6 39. Rxe5 R8c3 40. Kg3 Bf2+ 41. Kf4 g5+ 42. Ke4 Re3+ 0-1

[Event "Milan Crespi op-B 34th"]
[Site "Milan"]
[Date "2013.12.07"]
[Round "4"]
[White "Manca, Renato"]
[Black "Biot, Thomas"]
[Result "1-0"]
[WhiteElo "1629"]
[BlackElo "1509"]
[PlyCount "51"]
[EventDate "2013.12.04"]
[EventType "swiss"]
[EventRounds "7"]
[EventCountry "ITA"]
[SourceTitle "EXT 2015"]
[Source "ChessBase"]
[SourceDate "2014.11.20"]
[SourceVersion "1"]
[SourceVersionDate "2014.11.20"]
[SourceQuality "1"]

1. d4 Nf6 2. Nc3 d5 3. e4 Nxe4 4. Nxe4 dxe4 5. Bc4 g6 6. f3 Bg7 7. c3 exf3 8. Nxf3 0-0 9. 0-0 b6 10. Ng5 Bf6 11. Qb3 e6 12. Nxf7 Kxf7 13. Bg5 Kg7 14. Rxf6 Rxf6 15. Re1 Rf1+ 16. Rxf1 Qxg5 17. Kh1 Bb7 18. Qc2 Ba6 19. Qf2 Qf5 20. Qh4 g5 21. Qg3 Qg6 22. Qe5+ Kh6 23. Rf6 Nc6 24. Rxg6+ hxg6 25. Qxe6 Bxc4 26. Qxc6 1-0

[Event "Omegna op 1st"]
[Site "Omegna"]
[Date "2013.07.05"]
[Round "2"]
[White "Zahner, Rolf"]
[Black "Biot, Thomas"]
[Result "0-1"]
[WhiteElo "1667"]
[BlackElo "1440"]
[PlyCount "52"]
[EventDate "2013.07.04"]
[EventType "swiss"]
[EventRounds "6"]
[EventCountry "ITA"]
[SourceTitle "EXT 2014"]
[Source "ChessBase"]
[SourceDate "2013.11.20"]
[SourceVersion "1"]
[SourceVersionDate "2013.11.20"]
[SourceQuality "1"]

1. e4 e6 2. d4 d5 3. e5 c5 4. c3 Qb6 5. a3 Bd7 6. b4 cxb4 7. cxb4 a5 8. bxa5 Rxa5 9. Bd2 Qxd4 10. Bc3 Qe4+ 11. Ne2 Ra4 12. Nd2 Qh4 13. Qb3 Bc6 14. Ng3 Qd8 15. Bb5 Ra8 16. Bxc6+ bxc6 17. 0-0 Na6 18. Rfb1 Nc5 19. Qb6 Qc8 20. Bd4 Nd7 21. Qb3 c5 22. Rc1 Qa6 23. Bb2 Rb8 24. Qc3 Ne7 25. f4 Nc6 26. Nb3 Qb6 0-1